00535nai a2200157Ia 4500003000900000008004100009022002200050022002300072040001600095245005200111260003600163310001100199362002700210521006900237856007100306IN-BaIIA211028c9999 xx s 000 0 eng d a1932-7447 (Print) a1932-7455 (Online) cIIA Library 4aThe Journal of Physical Chemistry Ch[eJournal] aWashington DCbACS Publications aWeekly a111(1); 2007 - Present bSubscribed through National Knowledge Resource Consortium (NKRC) uhttps://pubs.acs.org/journal/jpccckyClick Here to Access eJournal